| 000 | 00421nam a22001697a 4500 | ||
|---|---|---|---|
| 005 | 20180619141715.0 | ||
| 008 | 160531b xxu||||| |||| 00| 0 eng d | ||
| 020 | _a81-7722-386-0 | ||
| 041 | _aeng | ||
| 082 |
_b6317 _a658 |
||
| 100 |
_aDuening, Thomas N & other _91579 |
||
| 245 | _aManagement Prenciples & guide Lines | ||
| 260 |
_aNew Delhi _bBigtantra, |
||
| 300 | _a496 | ||
| 650 |
_aManagement _9241 |
||
| 942 | _cBK | ||
| 999 |
_c2230 _d2229 |
||